Movie Three-scriptions Quiz Stats

 Plays Quiz Updated Mar 16, 2012

Challenge
Share
Tweet
Embed
Score 0/30 Timer 06:00
0 Plays Today
Three-scription Movie % Correct
Alien Phones Home.E.T.
96.9%
North Pole Train.Polar Express
86.1%
Whos' Christmas Swiped.How the Grinch Stole Christmas
81.7%
Saturday. Students. Detention.The Breakfast Club
81.4%
Ants vs. Grasshoppers.A Bug's Life
78.7%
Dancin' in Downpour.Singin' in the Rain
78.6%
Dancing Ban LiftedFootloose
72.7%
Artifacts Come Alive.Night at the Museum
70.7%
Chauffeur. Prejudice. Georgia.Driving Miss Daisy
70%
Hotel. Writer. Redrum.The Shining
69.6%
Cannibal Helps Cadet.Silence of the Lambs
67.7%
Campaign for Pedro.Napoleon Dynamite
66.7%
Nazis. Snakes. Whip.Raiders of the Lost Ark
66.1%
Hare. Murder. Cartoon.Who Framed Roger Rabbit
65.9%
Sharks. Jets. Dancing.West Side Story
64.5%
Three-scription Movie % Correct
Nurse Oppresses Nuts.One Flew Over the Cuckoo's Nest
63%
Salieri. Mozart. Jealousy.Amadeus
61.5%
Docile Automaton Housewives.The Stepford Wives
60.9%
Cabbie Helps Hooker.Taxi Driver
60.5%
Unemployed Men Strip.The Full Monty
58.2%
Vomit. Possession. Swearing.The Exorcist
54.8%
Stubborn Siamese Ruler.The King and I
54.1%
Teens Sleep, Die.A Nightmare on Elm Street
53.2%
Zombies at Mall.Dawn of the Dead
52.5%
Spy Forgets Himself.The Bourne Identity
46.9%
Mission. From. God.The Blues Brothers
46.4%
Beauty Kills Beast.King Kong
45.7%
Igor Picks Abnormal.Young Frankenstein
41.6%
Boy Meets Robot.Iron Giant
37.7%
Newsman, Hellishly Mad.Network
28.4%

You're not logged in!

Compare scores with friends on all Sporcle quizzes.
OR
Log In

You Might Also Like...

Show Comments

Extras

Top Quizzes Today


Score Distribution

Your Account Isn't Verified!

In order to create a playlist on Sporcle, you need to verify the email address you used during registration. Go to your Sporcle Settings to finish the process.

Report this User

Report this user for behavior that violates our Community Guidelines.

Details: